Culture cinématographique - Série 04 - Statistiques

Statistiques générales
  • Ce quiz a été pris 425 fois
  • Le résultat moyen est 5 sur 10
Statistiques - réponses
Question Réponse % Correct
Dans le film "La soupe aux choux" réalisé en 1981 par Jean Girault, qui est "Le Glaude" ? Louis de Funès
98%
Dans le film "La soupe aux choux" réalisé en 1981 par Jean Girault, qui est "La denrée" ? Jacques Villeret
81%
Dans le film "Inspecteur La Bavure" réalisé par Claude Zidi en 1980, qui incarnait le rôle de "Michel Clement" ? Coluche
71%
Dans le film "Le vieux fusil" réalisé par Robert Enrico en 1975, qui incarnait le rôle de "Julien Dandieu" ? Philippe Noiret
58%
Dans le film "L'été meurtrier" réalisé par Jean Becker en 1983, qui incarnait le rôle de "Florimond Montechiari dit Pin-Pon" ? Alain Souchon
55%
Dans le film "La soupe aux choux" réalisé en 1981 par Jean Girault, qui est "Le Bombé" ? Jean Carmet
53%
Dans le film "Rive droite, rive gauche" réalisé par Philippe Labro en 1984, qui incarnait le rôle de "Paul Senanques" ? Gerard Depardieu
41%
Dans le film "Dernier domicile connu" réalisé par José Giovanni, en 1970, qui incarnait le rôle de "Marceau Leonetti" ? Lino Ventura
40%
Dans le film "Le triporteur" réalisé par Jacques Pinoteau en 1957, qui incarnait le rôle d' "Antoine Peyralout" ? Darry Cowl
35%
Dans le film "Austerlitz" réalisé par Abel Gance en 1960, qui incarnait le rôle de Napoléon Bonaparte ? Pierre Mondy
11%
Aucun quiz correspondant
Distribution des résultats
% des personnes avec chaque résultat
Percentile par nombre de réponses
Votre historique - résultats
Vous n’avez pas pris ce quiz